| 000 | 01626cam a22004094a 4500 | ||
|---|---|---|---|
| 999 |
_c56767 _d56767 |
||
| 001 | 14029608 | ||
| 005 | 20240502103508.0 | ||
| 008 | 050706s2007 maua f 001 0 eng | ||
| 010 | _a 2005019335 | ||
| 015 |
_aGBA608384 _2bnb |
||
| 020 | _a9780763737610 X | ||
| 041 | _aeng | ||
| 042 | _apcc | ||
| 050 | 0 | 0 |
_aRC669.15 _b.S88 2007 |
| 060 | 1 | 0 |
_aWG 39 _bS966b 2007 |
| 080 | _a616.12 S-95 | ||
| 100 | 1 |
_aSutherland, John, _d1946- _9261 |
|
| 245 | 1 | 4 |
_aThe little black book of cardiology / _cJohn A. Sutherland. |
| 250 | _a2nd ed. | ||
| 260 |
_aSudbury, Mass. : _bJones and Bartlett Publishers, _cc2007. |
||
| 300 |
_axxi, 385 p. : _bill. ; _c18 cm. |
||
| 440 | 0 |
_aLittle black book series _9262 |
|
| 500 | _aRev. ed. of: Blackwell's primary care essentials. Cardiology. c2001. | ||
| 500 | _aIncludes index. | ||
| 650 | 0 |
_aCardiology _vHandbooks, manuals, etc. _9263 |
|
| 650 | 0 |
_aCardiovascular system _xDiseases _vHandbooks, manuals, etc. _9264 |
|
| 650 | 0 |
_aPrimary care (Medicine) _vHandbooks, manuals, etc. _9265 |
|
| 650 | 1 | 2 |
_aCardiovascular Diseases _xdiagnosis _vHandbooks. _9266 |
| 650 | 1 | 2 |
_aCardiovascular Diseases _xtherapy _vHandbooks. _9267 |
| 653 | _aმედიცინა | ||
| 653 | _aკარდიოლოგია | ||
| 700 | 1 |
_aSutherland, John, _d1946- _tBlackwell's primary care essentials. _pCardiology. _9268 |
|
| 856 | 4 | 1 |
_3Table of contents _uhttp://www.loc.gov/catdir/toc/ecip0515/2005019335.html |
| 906 |
_a7 _bcbc _corignew _d1 _eecip _f20 _gy-gencatlg |
||
| 942 |
_2udc _cBK |
||
| 955 |
_ajc00 2005-07-08 _aaa27 2005-07-08 _aps05 2006-06-08 1 copy rec'd., to CIP ver. _ajb00 2006-06-19 |
||